000
00284nam a2200133Ia 4500
100
_a
D.E. Knuth
942
_c
BK
654
_a
Algorithms
245
_a
Fundamentals Algorithms
260
_b
Narosa book
_a
New Delhi
_c
1994
082
_a
511.8
_b
PAN
546
_a
ENGLISH
999
_c
23190
_d
23190